000 00715nam a2200289Ia 4500
005 20260324114345.0
008 008 260324s9999 xx 000 0 eng d
020 _a9781003345923
037 _aEBOOK
040 _aCRL
040 _beng
040 _cCRL
041 _2eng
041 _aeng
084 _qCRL
100 _aVinícius Guilherme Rodrigues Vieira
_91150450
245 0 _aShaping Nations and Markets
245 0 _bIdentity Capital, Trade, and the Populist Rage
260 _bTaylor and Francis
260 _c2023
365 _a
365 _b220
856 _uhttp://www.taylorfrancis.com/books/9781003345923
942 _cEBOOK
999 _c1740590
_d1740590